01011 2200337 4500001002100000005001500021035002000036007000300056040001700059245009800076250001100174300003700185020002200222041000800244082001000252084001600262090002200278264003700300336002100337337003000358338002300388500002300411650001500434700003600449700003600485700004500521700004000566850001000606008004100616990001600657INLIS00000000000852820260518032333 a0010-0922001017ta aSBPUPADbind aBuku Ajar :bIlmu Penyakit Hati /cIyung Pahan ;Editor,Surip Prayugo ;Editor-2,Rochim Armando a.-Ed.1 axxviii,665 hlm :bilus. ;c29 cm a978-602-8674-83-60 aind a616.9 a616.9 BUK i a616.9 BUK i L18-3 a.--Jakarta :bSagung Seto,c2012 2rdacontentateks 2rdamediaatanpa perantara 2rdacarrieravolume aIndeks,hlm 650-665 4aBahan Ajar0 aEditor, Ali SulaimanePengarang0 aEditor, Nurul AkbarePengarang0 aEditor, Laurentius A. LesmanaePengarang0 aEditor, Sjaifoellah NoerePengarang aPUPAD260518 0  a1056/B/2013